Strategie pro čas globalizace
Rýchly vývoj informačných technológií z hľadiska druhov a kapacít pri prudkom poklese cien za jednotku a výkon napomáha k skvalitneniu riadiacich a spracovateľských procesov. Klady a zápory využívania informačných technológií.
Gespeichert in:
| 1. Verfasser: | |
|---|---|
| Format: | Buchkapitel |
| Sprache: | Tschechisch |
| Schlagworte: | |
| Tags: |
Keine Tags, Fügen Sie das erste Tag hinzu!
|
MARC
| LEADER | 00000naa a2200000 4500 | ||
|---|---|---|---|
| 001 | r032899 | ||
| 005 | 20230920095235.1 | ||
| 041 | 0 | |a cze | |
| 044 | |a CZ | ||
| 245 | 1 | 0 | |a Strategie pro čas globalizace |c Milan Matějka |
| 520 | |a Rýchly vývoj informačných technológií z hľadiska druhov a kapacít pri prudkom poklese cien za jednotku a výkon napomáha k skvalitneniu riadiacich a spracovateľských procesov. Klady a zápory využívania informačných technológií. | ||
| 610 | 2 | 0 | |a technológie informačné |
| 610 | 2 | 0 | |a globalizácia hospodárstva |
| 610 | 2 | 0 | |a riadenie podnikové |
| 610 | 2 | 0 | |a zákazníci |
| 610 | 2 | 0 | |a dodávatelia |
| 610 | 2 | 0 | |a procesy rozhodovacie |
| 610 | 2 | 0 | |a podnik |
| 100 | 1 | |a Matějka, Milan | |